Všeobecná dohoda o clech a obchodu (GATT)

Gespeichert in:
Bibliographische Detailangaben
1. Verfasser: Beneš, Otto
Format: Buch
Sprache:Tschechisch
Veröffentlicht: Praha Československá obchodní komora 1970
Tags: Tag hinzufügen
Keine Tags, Fügen Sie das erste Tag hinzu!

MARC

LEADER 00000nam a2200000 4500
001 c111394
005 20041019155149.6
041 0 |a cze 
044 |a CZ 
245 1 0 |a Všeobecná dohoda o clech a obchodu (GATT)  |c Otto Beneš 
264 1 |a Praha  |b Československá obchodní komora  |c 1970 
300 |a 120 s. 
100 1 |a Beneš, Otto